| 000 | 00698nam a22002417a 4500 | ||
|---|---|---|---|
| 007 | 00 | ||
| 008 | 160714b xxu||||| |||| 00| 0 eng d | ||
| 020 | _a978-2-311-01-218-7 | ||
| 040 |
_aBUAC _cBUC |
||
| 041 | _aFre. | ||
| 100 |
_aPERETTI, Jean-Marie _911079 |
||
| 245 |
_aRessources humaines _c/par Jean-Marie PERETTI |
||
| 250 | _a14è éd. | ||
| 260 |
_aParis : _bVuibert, _c2013 |
||
| 300 |
_a636 p. _bcouv. ill. en coul. _c24 cm. |
||
| 440 | _a(Collection Gestion) | ||
| 521 | _aBibliogr. pp. (608 - 620) ; Index Alphabétique. pp. (621 - 624) | ||
| 630 | _aSCIENCES APPLIQUEES | ||
| 650 | _aPersonnel | ||
| 700 | _aHELFER, Jean-Pierre | ||
| 700 | _aORSONI, Jacques | ||
| 942 | _cLIV | ||
| 999 |
_c54873 _d54873 |
||